Ekonomika a marketing v chove oviec v Slovenskej republike

Produkcia a predaj jatočných oviec, ovčieho mlieka a jednotlivých ovčích výrobkov v SR. Analýza výrobno-ekonomických výsledkov, ktorých snahou je dosiahnuť ziskovosť na Slovensku v chove oviec a tiež na základe SWOT analýzy určiť silné a slabé stránky, hrozby a príležitosti v chove oviec na Slovensk...

Descrizione completa

Salvato in:
Dettagli Bibliografici
Autore principale: Hudáková, Ivana, 1976-
Natura: Capitolo di libro
Lingua:slovacco
Soggetti:
Tags: Aggiungi Tag
Nessun Tag, puoi essere il primo ad aggiungerne!!

MARC

LEADER 00000naa$a2200000$$$4500
001 0020477
005 20240502071411.1
041 0 |a slo 
044 |a SK 
245 1 0 |a Ekonomika a marketing v chove oviec v Slovenskej republike  |c Ivana Hudáková 
520 |a Produkcia a predaj jatočných oviec, ovčieho mlieka a jednotlivých ovčích výrobkov v SR. Analýza výrobno-ekonomických výsledkov, ktorých snahou je dosiahnuť ziskovosť na Slovensku v chove oviec a tiež na základe SWOT analýzy určiť silné a slabé stránky, hrozby a príležitosti v chove oviec na Slovensku. Z vývoja predaja a cien chovu oviec vyplýva, že toto odvetvie živočíšnej výroby má perspektívu rozvoja. 
610 2 0 |a chov zvierat 
610 2 0 |a ovčiarstvo 
610 2 0 |a produkcia 
610 2 0 |a predaj 
610 2 0 |a marketing 
610 2 0 |a zisk 
610 2 0 |a analýzy 
100 1 |a Hudáková, Ivana, 1976-